000 00703nam a2200181Ia 4500
008 090630s9999 xx 000 0 und d
082 _b17186
100 _aमंगळवेढेकर राजा.
245 _aबारा भाऊ आणि एक बहिण.
_cमंगळवेढेकर राजा.
260 _bमधुराज - पुणे.
300 _a0
600 _aमंगळवेढेकर राजा.
630 _aबारा भाऊ आणि एक बहिण.
655 _aबालवाङमय.
700 _aमंगळवेढेकर राजा.
730 _aबारा भाऊ आणि एक बहिण.
942 _cBOOK
999 _c269042
_d269042